| 000 | 00510nam a2200157 i 4500 | ||
|---|---|---|---|
| 001 | 147212 | ||
| 003 | ES-MaACL | ||
| 007 | t| | ||
| 008 | 070924s1972 sp ||||1| spa d | ||
| 100 | 1 |
_aTyler, Leona E. _9111803 |
|
| 245 | 1 | 0 |
_aPruebas y medición en psicología / _cLeona E. Tyler... ; traducción y adaptación, Eduardo Arcilla. |
| 260 |
_aMadrid, etc. : _bPrentice-Hall, _c[1972] |
||
| 300 |
_aXI, 97 p. : _bil. ; _c24 cm. |
||
| 700 | 1 |
_aArcilla, Eduardo. _922493 |
|
| 852 |
_aES-MaACL _jE-7629 _bR.91804 |
||
| 999 |
_c147212 _d147212 |
||